书目信息 |
| 题名: |
单片机原理及接口技术
|
|
| 作者: | 张毅刚 主编 | |
| 分册: | ||
| 出版信息: | 北京 人民邮电出版社 2025.01 |
|
| 页数: | 361页 | |
| 开本: | 26cm | |
| 丛书名: | 新工科电子信息类新形态教材精品系列 | |
| 单 册: | ||
| 中图分类: | TP368.1 | |
| 科图分类: | ||
| 主题词: | 微控制器--wei kong zhi qi--高等学校--教材 , 微控制器--wei kong zhi qi--接口技术--高等学校--教材 | |
| 电子资源: | ||
| ISBN: | 978-7-115-65013-9 | |
| 000 | 01737nam 2200337 450 | |
| 001 | 97726 | |
| 005 | 20250919204538.42 | |
| 010 | @a978-7-115-65013-9@dCNY65.00 | |
| 100 | @a20250208d2025 em y0chiy50 ea | |
| 101 | 0 | @achi |
| 102 | @aCN@b110000 | |
| 105 | @aa a 000yy | |
| 106 | @ar | |
| 106 | @ar | |
| 200 | 1 | @a单片机原理及接口技术@Adan pian ji yuan li ji jie kou ji shu@eC51编程@e微课版@f张毅刚主编 |
| 205 | @a第4版 | |
| 210 | @a北京@c人民邮电出版社@d2025.01 | |
| 215 | @a361页@c图@d26cm | |
| 225 | 2 | @a新工科电子信息类新形态教材精品系列@Axin gong ke dian zi xin xi lei xin xing tai jiao cai jing pin xi lie |
| 300 | @a国家精品课程配套教材 人邮教育 | |
| 314 | @a张毅刚, 哈尔滨工业大学教授, 国家精品课程“单片机原理”国家精品资源共享课“单片机原理”、首批国家精品在线开放课程“单片机原理”的负责人。黑龙江省教学名师奖获得者, 教育部全国高校网络培训中心“单片机原理”骨干教师高级研修班特聘主讲教授。 | |
| 320 | @a有书目 | |
| 330 | @a本书共14章, 涵盖了单片机应用技术的基本内容, 包括单片机概述, AT89S51单片机片内硬件结构, C51编程语言基础, 开发与仿真工具, 单片机与开关、键盘以及显示器件的接口设计, 中断系统的工作原理及应用, 定时器/计数器的工作原理及应用, 串行口的工作原理及应用, 单片机系统的并行扩展, AT89S51单片机系统的串行扩展, AT89S51单片机与DAC、ADC的接口, 单片机的各种应用设计, 单片机应用系统抗干扰与可靠性设计, 单片机应用系统的设计与调试。 | |
| 410 | 0 | @12001 @a新工科电子信息类新形态教材精品系列 |
| 517 | 1 | @aC51编程@AC51 bian cheng |
| 606 | 0 | @a微控制器@Awei kong zhi qi@x高等学校@j教材 |
| 606 | 0 | @a微控制器@Awei kong zhi qi@x接口技术@x高等学校@j教材 |
| 690 | @aTP368.1@v5 | |
| 701 | 0 | @a张毅刚@Azhang yi gang@4主编 |
| 801 | 0 | @aCN@c20250909 |
| 905 | @a河南城建学院图书馆@dTP368.1@eZ222-2=4@f1 | |
| 单片机原理及接口技术:C51编程:微课版/张毅刚主编.-第4版.-北京:人民邮电出版社,2025.01 |
| 361页:图;26cm.-(新工科电子信息类新形态教材精品系列) |
| 国家精品课程配套教材 人邮教育 |
| ISBN 978-7-115-65013-9:CNY65.00 |
| 本书共14章, 涵盖了单片机应用技术的基本内容, 包括单片机概述, AT89S51单片机片内硬件结构, C51编程语言基础, 开发与仿真工具, 单片机与开关、键盘以及显示器件的接口设计, 中断系统的工作原理及应用, 定时器/计数器的工作原理及应用, 串行口的工作原理及应用, 单片机系统的并行扩展, AT89S51单片机系统的串行扩展, AT89S51单片机与DAC、ADC的接口, 单片机的各种应用设计, 单片机应用系统抗干扰与可靠性设计, 单片机应用系统的设计与调试。 |
| ● |
| 相关链接 |
|
|
|
正题名:单片机原理及接口技术
索取号:TP368.1/Z222-2=4
 
预约/预借
| 序号 | 登录号 | 条形码 | 馆藏地/架位号 | 状态 | 备注 |
| 1 | 1638772 | 216387728 | 自科库301/301自科库 63排5列1层/ [索取号:TP368.1/Z222-2=4] | 在馆 |